| 000 | 01373cab a2200229 4500 | ||
|---|---|---|---|
| 001 | X83073 | ||
| 008 | 090401t1998 xxu||||| |||| 00| 0 eng d | ||
| 035 | _a(Sirsi) u83073 | ||
| 041 | _aeng | ||
| 245 | _aBarclays Bank Plc v Boulter and another | ||
| 260 | _c1998 | ||
| 350 | _a0 | ||
| 490 |
_aWeekly Law Reports _v[1998]1 WLR 1-11(11) |
||
| 520 | _aCA 23 April 1997. The bank claimed possession as mortgagee of a property comprising freehold registered land which was jointly owned by the husband and wife. The bank alleged that the defendants had failed to pay sums due under various mortgage accounts and a current account in the husband`s name, and that the property was bound by a legal charge signed by the defendants in the bank`s favour. The wife counterclaimed for a declaration that she had a half share in the property free of legal charge, and in her defence alleged that the bank had procured her signature through her husband, that she had signed the charge in reliance on her husband`s representation to her that it was to secure a single sum from the bank and no explanation given as to the meaning and effect of the charge. Held, appeal allowed. | ||
| 650 | _aMISREPRESENTATION | ||
| 650 | _aMORTGAGEE | ||
| 650 | _aRELIANCE | ||
| 650 | _aREPOSSESSION | ||
| 690 | _aPROPERTY LAW AND PRACTICE-CASE LAW | ||
| 942 | _n0 | ||
| 948 | _c13/01/1998 | ||
| 999 |
_c52476 _d52476 |
||